Innovation and the development agenda

Gespeichert in:
Bibliographische Detailangaben
Körperschaft: International Development Research Centre
Weitere Verfasser: Kraemer-Mbula, Erika, Wamae, Watu
Format: Buch
Sprache:Englisch
Veröffentlicht: Paris OECD 2010
Schriftenreihe:OECD innovation strategy
Schlagworte:
Tags: Tag hinzufügen
Keine Tags, Fügen Sie das erste Tag hinzu!

MARC

LEADER 00000nam a2200000 4500
001 0125139
005 20240315120801.4
020 |a 978-92-64-08891-7 
041 0 |a eng 
044 |a FR 
245 1 0 |a Innovation and the development agenda  |c edited by: Erika Kraemer-Mbula and Watu Wamae 
264 1 |a Paris  |b OECD  |c 2010 
300 |a 151 s. 
490 1 |a OECD innovation strategy 
830 0 |a OECD innovation strategy 
610 2 0 |a krajiny rozvojové 
610 2 0 |a inovácia 
610 2 0 |a poľnohospodárstvo 
610 2 0 |a transformácia 
610 2 0 |a priemysel 
610 2 0 |a stratégia inovačná 
610 2 0 |a Afrika 
700 1 |a Kraemer-Mbula, Erika 
700 1 |a Wamae, Watu 
710 2 |a International Development Research Centre